| 000 | 00667cam a22002174a 4500 | ||
|---|---|---|---|
| 001 | 16170925 | ||
| 005 | 20180820031707.0 | ||
| 008 | 100405s2011 ilua 001 0 eng | ||
| 010 | _a 2010011634 | ||
| 020 | _a0071745831 (alk. paper) | ||
| 040 |
_aDLC _cDLC _dDLC |
||
| 041 | _aeng | ||
| 080 | _a512.9 | ||
| 082 | 0 | 0 |
_a512.9 _222 |
| 100 | 1 | _a38 | |
| 101 | _aMAT | ||
| 245 | 1 | 0 |
_aElementary algebra / _cBarnett Rich, revised by Philip A. Schmidt ; abridgement editor, Brenda Bradford. |
| 906 |
_a7 _bcbc _corignew _d1 _eecip _f20 _gy-gencatlg |
||
| 942 |
_2ddc _cBK |
||
| 999 |
_c47212 _d47212 |
||